000
00440nam a2200145Ia 4500
008
100122s9999 xx 000 0 und d
082
_b
60439
_a
920.054
100
_a
सामंत बाळ
245
_a
दोन घडीचा डाव
260
_b
जतिन रांगणेकर
_c
2001
300
_a
140
630
_a
दोन घडीचा डाव
730
_a
दोन घडीचा डाव
942
_c
BOOK
999
_c
435593
_d
435590